000 00719nam a2200145 a 4500
008 120416s0000 ||||||||||||||||| || u
020 _a0620166932
050 _aZ 674.4 Pro
245 0 0 _aProceedings of the conference on library and information services for future development of Southern
_cedited by A. G. Coetzer
260 _aPretoria
_bInfo Africa Nova
_c1992
300 _a[xii], 789p. : ill.
350 _a0.00
995 _aSPECIAL COLLECTIONS
_D0.00
_e726195
_FCBU-MAIN LIBRARY (Kitwe)
_H1
_I60.00
_jZAM Z 674.4 Pro
_M1
_UAVAILABLE
_y017470
_ZZambiana Collection
995 _aANNEX COLLECTION (Main Library)
_D0.00
_e726194
_FCBU-MAIN LIBRARY (Kitwe)
_H2
_I60.00
_jZ 674.4 Pro
_M2
_UAVAILABLE
_y017471
_ZAnnex Low-Usage Collection
999 _c77202
_d77202